000 00510cam a22002171 4500
001 sa 68001948
003 DLC
005 20260227112438.0
008 890510s1965 xx 000 0 hino
010 _asa 68001948
035 _a(OCoLC)23579988
040 _aDLC
_cMiU
_dDLC
042 _apremarc
050 0 0 _aBL1470
_b.G33
100 1 _aGangadharan, H.,
_d1926-
245 1 0 _aBuddha Bhagavān.
260 _c1965.
300 _av, 78 p.
_c17 cm.
500 _aRomanized.
600 0 0 _aGautama Buddha.
999 _c78340
_d78340